=LDR 00000nam 2200000 4500 =001 INLIS000000000052125 =005 20211108100447 =035 ##$$a 0010-0118000313 =007 ta =008 211108################g##########0#ind## =020 ##$$a 978-602-425-021-8 =082 ##$$a 346.015 =084 ##$$a 346.015 ROS h =100 #$$a Rosnidar Sembiring =245 1#$$a Hukum keluarga : $b Harta-harta benda dalam perkawinan /$c Rosnidar Sembiring =260 ##$$a Jakarta :$b Raja Grafindo Persada,$c 2016 =300 ##$$a xi, 284 hlm. : $b ilus. ; $c 21 x 14 cm. =500 ##$$a Biografi : hlm.283-284 =650 #4$$a Hukum Keluarga =504 ##$$a BIbliografi : hlm.225-230 =250 ##$$a cet. 1 =990 ##$$a 21705225 =990 ##$$a 21705224 =990 ##$$a 21705223 =990 ##$$a 21705222 =990 ##$$a 21705221 =990 ##$$a 21705221 =990 ##$$a 21705225 =990 ##$$a 21705224 =990 ##$$a 21705223 =990 ##$$a 21705222 =990 ##$$a 21705222 =990 ##$$a 21705225 =990 ##$$a 21705224 =990 ##$$a 21705223 =990 ##$$a 21705221 =990 ##$$a 21705222 =990 ##$$a 21705225 =990 ##$$a 21705224 =990 ##$$a 21705223 =990 ##$$a 21705221